| 000 | 00485nam a2200181Ia 4500 | ||
|---|---|---|---|
| 008 | 100920s9999 xx 000 0 und d | ||
| 082 |
_b355 _a--- 0 |
||
| 100 | _aभावे पु. भा. | ||
| 245 | _aमागं वळून. | ||
| 260 |
_b--- _c0 |
||
| 300 |
_a172 _bसाधी |
||
| 365 | _b6 | ||
| 520 | _aकादंबरी. | ||
| 630 | _aमागं वळून. | ||
| 650 | _aकादंबरी. | ||
| 730 | _aमागं वळून. | ||
| 942 | _cBOOK | ||
| 999 |
_c671353 _d671350 |
||